000 00444nam a2200145Ia 4500
008 190912s9999 xx 000 0 und d
100 _aFlores, Helen
245 _a70% of voters support candidates against single use plastic/
245 _cHelen Flores; Rhodina Villanueva
260 _bThe Philippine Star
260 _c2019
300 _aJanuary 17, page B5
440 _aThe Philippine Star
_v33: 174
650 _aElection -- Philippines
999 _c362107
_d362107